League of Legends Worlds Semifinalists (Top 4) - Statistics

General Stats
  • This quiz has been taken 20 times
  • The average score is 90 of 191
Answer Stats
Answer % Correct
Faker
100%
Gumayusi
100%
Keria
100%
Ruler
100%
Chovy
94%
Doran
94%
ON
94%
Oner
94%
Zeus
94%
Bdd
89%
Bin
89%
Caps
89%
Jankos
89%
Mikyx
89%
Perkz
89%
ShowMaker
89%
Wunder
89%
BeryL
83%
Bwipo
83%
Canyon
83%
Cuzz
83%
Deft
83%
JackeyLove
83%
Kiin
83%
Knight
83%
Peanut
83%
TheShy
83%
369
78%
Ghost
78%
Khan
78%
Kingen
78%
Lehends
78%
PerfecT
78%
Peyz
78%
Pyosik
78%
Rekkles
78%
Scout
78%
Bang
72%
Broxah
72%
Crisp
72%
deokdam
72%
Elk
72%
Kanavi
72%
Peter
72%
Rookie
72%
Uzi
72%
Viper
72%
Wolf
72%
XUN
72%
Zeka
72%
Ben
67%
Bengi
67%
Doinb
67%
Duro
67%
Flandre
67%
GorillA
67%
Huni
67%
Hylissang
67%
Nuguri
67%
Teddy
67%
Tian
67%
Xiaohu
67%
Ambition
61%
Duke
61%
Imp
61%
MaRin
61%
Meiko
61%
Ning
61%
xPeke
61%
Baolan
56%
Canna
56%
GimGoon
56%
Impact
56%
Jiejie
56%
MISSING
56%
Shushei
56%
Smeb
56%
sOAZ
56%
YellOwStaR
56%
Creme
50%
Cyanide
50%
Doublelift
50%
Lwx
50%
Mata
50%
PraY
50%
Reignover
50%
SwordArT
50%
Alex Ich
44%
CoreJJ
44%
Crown
44%
FEBIVEN
44%
Hjarnan
44%
Light
44%
Niels
44%
Tarzan
44%
Yagao
44%
Clid
39%
Diamondprox
39%
Effort
39%
Hang
39%
Hope
39%
Kuro
39%
Ming
39%
mithy
39%
Odoamne
39%
PawN
39%
Toyz
39%
Wadid
39%
Amazing
33%
Angel
33%
BeBe
33%
Breathe
33%
CuVee
33%
GoSu Pepper
33%
Jensen
33%
MadLife
33%
Shy
33%
Sneaky
33%
Stanley
33%
Weiwei
33%
Chaox
28%
Cloud
28%
CloudTemplar
28%
dade
28%
DanDy
28%
Darien
28%
Dyrus
28%
FORG1VEN
28%
Froggen
28%
Genja
28%
huanfeng
28%
Karsa
28%
Krepo
28%
Piglet
28%
PoohManDu
28%
RapidStar
28%
Reginald
28%
SofM
28%
Svenskeren
28%
Tabe
28%
TheOddOne
28%
Cool
22%
LaMiaZeaLoT
22%
Letme
22%
Licorice
22%
Life
22%
Lilballz
22%
Looper
22%
Mellisan
22%
Mlxg
22%
puszu
22%
Ryu
22%
Snoopeh
22%
Woong
22%
Yellowpete
22%
957
17%
Cola
17%
Dan Dinh
17%
GodLike
17%
Gogoing
17%
Hojin
17%
inSec
17%
Kujaa
17%
Linak
17%
MiSTakE
17%
MoMa
17%
Rascal
17%
Salce
17%
san
17%
Spirit
17%
TheRainMan
17%
Wh1t3zZ
17%
Wickd
17%
Xpecial
17%
Acorn
11%
Cain
11%
Corn
11%
Expession
11%
Heart
11%
Lucky
11%
Mystic
11%
Nagne
11%
Vander
11%
Westrice
11%
xiye
11%
yuyanjia
11%
Zero
11%
Zeyzal
11%
Condi
6%
LoveLing
6%
Watch
6%
No matching quizzes found
Score Distribution
Percent of People with Each Score
Percentile by Number Answered
Your Score History
You have not taken this quiz